Warszawa-Paryż

Titel: Warszawa-Paryż : Echa kampanii antysemickiej i Marca '68 w emigracyjnej prasie polskiej. Na przykładzie "Kultury" i "Horyzontów"
Verfasser:
In: Polska i Polacy poza granicami kraju w polskiej polityce i myśli politycznej XX wieku, (2006), Seite 111-126
alle Artikel anzeigen
Veröffentlicht: 2006
Format: Aufsatz
Sprache: Polnisch
Schlagworte:
Kein Bild verfügbar
X
alg: 39425432
001A    $01999:12-11-16 
001B    $03025:24-04-26 $t12:54:12.000 
001D    $01999:12-11-16 
001U    $0utf8 
001X    $00 
002@    $0Aox 
003@    $0394254325 
007A    $0394254325 $aHEB 
007T    $0Herdk95078 
010@    $apol 
011@    $a2006 
021A    $aWarszawa-Paryż $dEcha kampanii antysemickiej i Marca '68 w emigracyjnej prasie polskiej. Na przykładzie "Kultury" i "Horyzontów" 
028A    $aKrzyważnia $dEwa 
031A    $h111-126 $j2006 
039B    $aIn $8--Aau--. Polska i Polacy poza granicami kraju w polskiej polityce i myśli politycznej XX wieku. - Wrocław : Wydawn. Uniwersytetu Wrocławskiego, 2006. - 385 S.. - ISBN 978-83-229-2717-5 $x200600000000000889 $9180890700 
044K    $RStudentenbewegung $#März 1968 $#März 68 $#Märzbewegung in Polen $71053342837 $8Märzunruhen$g1968 [Ts1] $9342968750 
044K    $RRassismus $RFremdenfeindlichkeit $RJudenverfolgung $RAntijudaismus $#Antisemitism $#Antisémitisme $#Antisemitismus $#Antisemitismus $#Antisemitismus $#Judenfeindschaft $#Judenhass $74002333-3 $8Antisemitismus [Ts1] $9084997346 
044K    $RAuswirkung $RFortleben $#Influence (Literary, artistic, etc.) $#Influence littéraire, artistique, etc. $#Rezeption $#Fortwirken $#Nachwirkung Rezeption $#Nachleben $#Wirkungsgeschichte $#Aneignung Rezeption $74049716-1 $8Rezeption [Tsz] $9085138584 
044K    $RZeitschrift $RExilpresse $#Exilzeitschriften $#Exil Zeitschrift $74153311-2 $8Exilzeitschrift [Ts1] $9085642975 
044K    $#Kultura : szkice, opowiadania, sprawozdania $#DE-Mar1 $#La @Culture $74221023-9 $8$aKultura$gZeitschrift, Paris [Tu1] $9086141368 
045F    $a020.9438 $eDDC23BSB 
045F/01 $a020 
045F/03 $g438 

lok: 39425432 78

exp: 39425432 78 1 #EPN
201B/01 $026-04-19 $t22:38:05.000 
201U/01 $0utf8 
203@/01 $0790364840 
208@/01 $a12-11-16 $be 
209A/01 $a/ $f000 $x00 
220C/01 $aHerkunft: PBB/IHPAN 
244Z/01 $2Trx $#Poola $#Lenkija $#Polija $#Polen Land $#Poland $#Lengyelország $#Poľsko $#Polsko $8--Trx--Polska$gkraj $x01 $9391345966 
244Z/01 $#Paris $#Lutetia $#Lutecia $#Lutetia Parisiorum $#Parisia $#Pa-li $#Ville de Paris $#P'ariz $#Paryžius $#Paříž $#Bārīs $#Bali Paris $#Pariž $#Parigi $#Parijs $#Lutitia $#Parisius $#Lutèce $#Commune de Paris $#Parisii $#Parrhisius $#Loticia Parisiorum $#Ville de Paris $#Lutetia $74044660-8 $8--Tg1--Paris $x02 $9085125393 
244Z/01 $aGeschichte 1968 $x03 
244Z/01 $2Trx $#pagendus $#išeivija $#exile $#számüzetés $#wychodźstwo $#exil $#exil $8--Trx--Exil $x04 $9391369601 
244Z/01 $2Trx $#rahutused Poola 1968 $#1968 m. kovas Lenkija $#uprising Poland 1968 $#zavargások Lengyelország 1968 $#marzec 1968 $#marec 1968 Poľsko $#březen 1968 Polsko $#Marzec 1968 $#Märzunruhen 1968 $8--Trx--Unruhen$gPolen 1968 $x05 $9391384023 
244Z/01 $2Trx $#ajakirjad, kultuuri $#kultūriniai žurnalai $#cultural journals $#folyóíratok, kulturális $#czasopisma kulturalne $#časopisy kultúrne $#časopisy kulturní $#Kulturzeitschrift $8--Trx--Zeitschriften, kulturelle $x06 $9391357255 
244Z/01 $2Trx $8--Trx--Einzelbeiträge $x07 $9391384570 
245Z/01 $a11.06 $x01 
247C/01 $82080>Marburg/Lahn, Herder-Institut, Forschungsbibliothek, Bibliographieportal $9336309341
LEADER 00000caa a22000002c 4500
001 394254325
003 DE-603
005 20260424125412.0
007 tu
008 161112s2006 xx |||| | u00||u|pol c
035 |a (DE-599)HEB394254325 
040 |a DE-603  |b ger  |c DE-603  |d DE-603 
041 |a pol 
082 0 4 |8 1\u  |a 020.9438  |q DE-101  |2 23/BSB 
085 |8 1\u  |b 020 
085 |8 1\u  |z 2  |s 438 
100 1 |a Krzyważnia, Ewa 
245 0 0 |a Warszawa-Paryż  |b Echa kampanii antysemickiej i Marca '68 w emigracyjnej prasie polskiej. Na przykładzie "Kultury" i "Horyzontów" 
264 0 |c 2006 
630 0 7 |a Kultura  |g Zeitschrift, Paris  |0 (DE-588)4221023-9  |0 (DE-603)086141368  |2 gnd 
650 7 |a Märzunruhen  |g 1968  |0 (DE-588)1053342837  |0 (DE-603)342968750  |2 gnd 
650 7 |a Antisemitismus  |0 (DE-588)4002333-3  |0 (DE-603)084997346  |2 gnd 
650 7 |a Rezeption  |0 (DE-588)4049716-1  |0 (DE-603)085138584  |2 gnd 
650 7 |a Exilzeitschrift  |0 (DE-588)4153311-2  |0 (DE-603)085642975  |2 gnd 
773 0 8 |i In  |t Polska i Polacy poza granicami kraju w polskiej polityce i myśli politycznej XX wieku  |d Wrocław : Wydawn. Uniwersytetu Wrocławskiego, 2006  |h 385 S.  |z 8322927177  |z 9788322927175  |g (2006), Seite 111-126  |w (DE-603)180890700 
924 0 |9 2080  |a (DE-603)790364840  |b DE-2080  |c HES  |d d  |g /